Nuevos espacios para el estímulo de la creatividad en educación inicial costarricense : parámetros aplicados en el proyecto Nueva Escuela Los Lagos
Gespeichert in:
| 1. Verfasser: | |
|---|---|
| Weitere Verfasser: | |
| Format: | Unbekannt |
| Sprache: | Spanish |
| Veröffentlicht: |
[San José, Costa Rica]
2014
|
| Schlagworte: | |
| Tags: |
Tag hinzufügen
Keine Tags, Fügen Sie den ersten Tag hinzu!
|
MARC
| LEADER | 00000 a2200000 4500 | ||
|---|---|---|---|
| 003 | EA0105 | ||
| 005 | 20230223071506.0 | ||
| 008 | 140114s2014 cr a 000 ||spa d | ||
| 040 | |c cru CEDI | ||
| 090 | |a TFG EA-105 | ||
| 100 | |a Quesada Santamaría, Vladimir |9 20165 | ||
| 245 | |a Nuevos espacios para el estímulo de la creatividad en educación inicial costarricense : parámetros aplicados en el proyecto Nueva Escuela Los Lagos | ||
| 260 | |a [San José, Costa Rica] |c 2014 | ||
| 500 | |a Proyecto de graduación (licenciatura en arquitectura)--Universidad de Costa Rica. Facultad de Ingeniería. Escuela de Arquitectura | ||
| 501 | |a Director de Proyecto de Graduación: Dr. Jafet Segura Amador | ||
| 650 | |x ESCUELA LOS LAGOS (HEREDIA, COSTA RICA) |x CONSTRUCCIONES ESCOLARES |x ARQUITECTURA - DISEÑOS Y PLANOS |x DISEÑO ARQUITECTONICO |x ESPACIO (ARQUITECTURA) |x APTITUD CREADORA |9 20166 | ||
| 700 | |9 67 |a Segura Amador, Jafet Guillermo, 1960- |d Director del TFG | ||
| 942 | |c CEDI | ||
| 999 | |c 12967 |d 12967 | ||
